Random German Vocab #2 - Statistics

General Stats
  • This quiz has been taken 85 times
  • The average score is 21 of 25
Answer Stats
Hint Answer % Correct
Bible Bibel
96%
Please Bitte
96%
Twenty-five Fünfundzwanzig
96%
(to) Sing Singen
96%
Wonder/Marvel/Miracle Wunder
96%
Egypt Ägypten
95%
Soccer Fußball
95%
Answer Antwort
93%
City Stadt
92%
Pineapple Ananas
91%
Language Sprache
91%
White Weiß
91%
Frog Frosch
89%
Map Landkarte
88%
Spy Spion
86%
How/Like Wie
86%
Goose Gans
82%
Train Zug
80%
Window Fenster
76%
Fruit Obst
76%
Chicken Hahn
72%
(to) Save Sichern
72%
(to) Know Wissen
69%
Pillow Kissen
59%
Lobster Hummer
54%
No matching quizzes found
Score Distribution
Percent of People with Each Score
Percentile by Number Answered
Your Score History
You have not taken this quiz